| 000 | 00377nam a2200121 4500 | ||
|---|---|---|---|
| 999 |
_c10791 _d10791 |
||
| 008 | 180920b ||||| |||| 00| 0 eng d | ||
| 100 |
_931417 _aBurgos Jr., Nestor P. |
||
| 245 |
_aMartial law horror haunts Bongbong in Iloilo/ _cNestor P. Burgos Jr. |
||
| 260 |
_aPhilippines _bPhilippine Daily Inquirer _cc2016 |
||
| 300 | _apage A9. | ||
| 650 | 0 |
_937156 _aLaw. |
|
| 942 |
_2ddc _cPER |
||